| 000 | 00535nam a22002057a 4500 | ||
|---|---|---|---|
| 005 | 20260603130933.0 | ||
| 008 | 260603b |||||||| |||| 00| 0 eng d | ||
| 020 |
_a9789354243226 _c969.00 |
||
| 040 | _aMAIN | ||
| 041 | _aEnglish | ||
| 082 |
_a621.38152 _bSZE |
||
| 100 |
_aSze, Simon _926999 |
||
| 245 |
_aSemiconductor Physics and Devices _b: An Indian Adaptation |
||
| 250 | _a3rd | ||
| 260 |
_aNew Delhi _bWiley _c2021 |
||
| 300 | _a581 | ||
| 650 |
_aPhysics (PM USHA _926699 |
||
| 700 |
_aLee, Ming Kwei _927000 |
||
| 942 | _cBK | ||
| 999 |
_c60977 _d60977 |
||